El Control político de la administración / Jordi Matas (ed.) ; Laura Román ... [et al.]
ISBN:
84-8334-303-7
Descripción Física:
161 p. ; 23 cm
Colección:
Workshop Barcelona ; 12
MARC
| LEADER | 00000nam a2200000Ia 4500 | ||
|---|---|---|---|
| 001 | 15290 | ||
| 008 | 160829s2001 xx 000 0 cat d | ||
| 020 | |a 84-8334-303-7 | ||
| 080 | |a M-4-302 | ||
| 245 | |a El Control político de la administración / Jordi Matas (ed.) ; Laura Román ... [et al.] | ||
| 260 | |a Barcelona : |b ICPS, Institut de Ciències Polítiques i Socials : |b Mediterrània, |c 2001 | ||
| 300 | |a 161 p. ; |c 23 cm | ||
| 490 | |a Workshop Barcelona ; 12 | ||
| 590 | |a Notes. | ||
| 590 | |a Bibliografia | ||
| 610 | 0 | |a Espanya. |x Política i govern |9 9716 | |
| 650 | 0 | |a Administració pública |z Espanya |9 19075 | |
| 700 | |a Matas Dalmases, Jordi, ed. |9 33321 | ||
| 700 | |a Román Martín, Laura |9 33322 | ||
| 710 | 2 | |a Institut de Ciències Polítiques i Socials (Barcelona, Catalunya) |9 55871 | |
| 901 | |a Arxiu | ||
| 942 | |n 1 | ||
| 952 | |0 0 |1 0 |4 0 |6 M4302 |7 1 |9 46266 |a Arxiu |b Arxiu |d 2016-12-01 |l 0 |o M-4-302 |p 15290 |r 2016-12-01 00:00:00 |w 2016-12-01 |y ARXIU | ||
| 999 | |c 49768 |d 49768 | ||